000 00874nam a2200241 a 4500
001 BRCA_5761
005 20190320205214.0
008 080311s1995----mx-a######---#000-0#spa-#
020 _a9682950902
041 _aspa
044 _amx
050 4 _aF1391.M4
_b.B87 1995
100 1 _aBurgos Villanueva, Francisco Rafael
_914614
245 1 0 _aEl olimpo
_bun predio colonial en el lado poniente de la Plaza Mayor de Mérida, Yucatán, y análisis cerámico comparativo
_cFrancisco Rafael Burgos Villanueva.
260 _aMéxico
_bINAH
_c1995
300 _a437 p.
_bil.
_c26 cm.
440 0 _aColección Científica
_v261
_9470
504 _aBibliografía: p. 425-437
650 1 4 _aCerámica colonial
_zMérida (México)
_914615
650 1 4 _aCerámica colonial
_zPenínsula de Yucatán (México)
_914616
651 4 _aMérida (México)
_xAntigüedades
_914617
942 _2lcc
_cB
999 _c5451
_d5451